LEADER 01478nam a2200313 u 4500 001 000000011852 003 CaOOAMICUS 005 20070226105454.0 008 940516s1970 fr u000 u fre u 035 $a10290992 040 $aBAV$bita$dEFR(R)$dBAV$dPUL(R) 100 1 $aHolstein, Henri,$cS.I.,$d1906-$0(OLS)http://pul/name/11354 245 10$aHiérarchie et peuple de Dieu d'après Lumen Gentium /$cpar Henri Holstein, S.J. 260 $aParis :$bBeauchesne,$cc1970. 300 $a191 p. ;$c22 cm 490 1 $aThéologie historique ;$v12 610 24$aChiesa cattolica$xGerarchia.$0(OLS)http://pul/subject/1372 611 24$aConcilium Vaticanum$n(2 :$d1962-1965)$tLumen gentium.$0(OLS)http://pul/subject/23276 830 0$aThéologie historique ;$v12.$0(OLS)http://pul/title/4061 850 $aPUL 852 $aPUL$W1$xSL Religione 2$y84$mTheol A9 12$j16740$nBK-PRI$b $qStampati altre collocazioni$B16740$CPULBib$Z2$F16740 $H $81 852 $aPUL$W1$xDP1 Fondo Bordoni$y120$m3 G 97.12$j173530$qFondi$B175854$CPULBib$Z2$F175854 $HBor1489 $81 941 1 $a1 941 1 $a10 960 $aConcilium Vaticanum$n(2 :$d1962-1965)$tConstitutio dogmatica de Ecclesia$923276 960 $aLumen gentium$923276 961 $aINV: 35969 996 $6245$aHiérarchie et peuple de Dieu d'après Lumen Gentium$9(OLS)http://pul/title/17171 996 $6260$aParis :$bBeauchesne$9(OLS)http://pul/publisher/48115 LEADER 01413nam a2200277 a 4500 001 000000121096 003 CaOOAMICUS 005 20100409135454.0 008 100409t2005 it u000 u ita r 020 $a88-464-7168-7 040 $aPUL$bita$dReb 082 04$a305.5 100 1 $aPrandstraller, Gian Paolo.$0(OLS)http://pul/name/33265 245 13$aIl lavoro professionale e la civilizzazione del capitalismo. Il capitalismo cognitivo americano e la sfida economica cinese. Nuove strategie per le professioni e le attività creative /$cGian Paolo Prandstraller. 250 $a3. ed. integrata 260 $aMilano :$bFrancoAngeli,$c©2005. 300 $a268 p. ;$c23 cm. 504 $aInclude riferimenti bibliografici ed indice. 650 4$aCapitalismo.$0(OLS)http://pul/subject/7257 850 $aPUL 852 $aPUL$W1$xSL Diritto e Scienze Sociali 3$y79$m305. 5 PRAGI 1$j138848$qDDC 21$B138088$CPULBib$Z2$F138088 $H111381 $82 941 1 $a9 996 $6020$a88-464-7168-7$9(OLS)http://pul/number/143771 996 $6082$a305.5$9(OLS)http://pul/classification/376 996 $6245$aIl lavoro professionale e la civilizzazione del capitalismo. Il capitalismo cognitivo americano e la sfida economica cinese. Nuove strategie per le professioni e le attività creative$9(OLS)http://pul/title/152290 996 $6260$aMilano :$bFrancoAngeli$9(OLS)http://pul/publisher/66898